• 首页
  • 本馆介绍
  • 公告通知
  • 最新文献
  • 馆藏检索
  • 电子资源
  • 读者导购
  • 参考咨询
  • 我的图书馆
  • 登录
  • 详细信息显示
  • 放入我的书架
  • 预约/预借图书
  • 作者相关作品
  • 分类相关作品
  • 丛书相关作品
  • 出版社相关作品

书目信息

  • 表格格式
  • 工作单格式
  • 卡片格式
题名:
战争在这里拐了个弯
    
 
作者: 季广智 , 曹应龙 主编
分册:  
出版信息: 北京   国防大学出版社  2001
页数: 12,199页
开本: 20cm
丛书名:
单 册:
中图分类: E81
科图分类:
主题词: 未来战争--研究 , CT--S078202--未来战争
电子资源:
ISBN: 7-5626-1076-2
000 00782nam0 2200241 450
001 0123456211342
005 20070730093952.81
010    @a7-5626-1076-2@dCNY12.00
100    @a20010626d2001 em y0chiy0110 ea
101 0  @achi
102    @aCN@b110000
105    @aa z 000yy
200 1  @a战争在这里拐了个弯@Azhan zheng zai zhe li guai liao ge wan@f季广智,曹应龙主编
210    @a北京@c国防大学出版社@d2001
215    @a12,199页@c彩图@d20cm
330    @a本书试图撩开超视距战争的神秘面纱,让读者领略21世纪高技术战争,开发构筑国家安全大厦的智谋韬略。
606 0  @a未来战争@x研究
606 0  @2CT@3S078202@a未来战争
690    @aE81@v4
701  0 @a季广智@Aji guang zhi@4主编
701  0 @a曹应龙@Acao ying long@4主编
801  0 @aCN@bWHC@c20070730
905    @a10447@dE81@e32
    
    战争在这里拐了个弯/季广智,曹应龙主编.-北京:国防大学出版社,2001
    12,199页:彩图;20cm
    
    
    ISBN 7-5626-1076-2:CNY12.00
    本书试图撩开超视距战争的神秘面纱,让读者领略21世纪高技术战争,开发构筑国家安全大厦的智谋韬略。
●
相关链接 在E读中查询图书 在五车中查询图书 在当当中查询图书 在豆瓣中查询图书


正题名:战争在这里拐了个弯     索取号:E81/32         预约/预借

序号 登录号 条形码 馆藏地/架位号 状态 备注
1 0789308   207893083   第一样本阅览室/ [索取号:E81/32] 在馆    
2 0789309   207893092   第一借阅区/ [索取号:E81/32] 在馆    
3 0789310   207893109   第一借阅区/ [索取号:E81/32] 在馆    
4 0789311   207893118   第一借阅区/ [索取号:E81/32] 在馆    
唐山师范学院图书馆 欢迎您!
大连网信软件有限公司© 版权所有